000 00746nam a2200229 a 4500
005 20240910064004.0
008 060329m20012007ag 000 0 spa d
020 _a9870000835
020 _a9870006574 (10 dígitos)
020 _a9789870006572 (13 dígitos)
035 _aUPN01000144811
049 _aCG
050 4 _aHQ793
_bG6.7
100 1 _aGoldberg, Beatriz
_930945
245 1 0 _aTengo un adolescente en casa :
_b¿qué hago? : todas las respuestas para no desesperar /
_cBeatriz Goldberg.
260 _aBuenos Aires :
_bLumen,
_c2001 (2007 impr.).
300 _a271 p.
650 4 _aAdolescencia
_91008
650 4 _aADOLESCENTES -
_xRELACIONES FAMILIARES
_91017
650 0 _aAdolescentes
_xConducta de vida
_91767
905 _aLibro
999 _c116958
_d116958